00222nam a2200097Ia 4500008004100000041000800041082000900049100000900058245002800067260002900095231212s1986 xx 000 0 und d aeng a1.21 aShah aMaster Key To Taxation aNew DelhibDean Inc1986